[Event "London Classic op U1750 11th"]
[Site "London"]
[Date "2019.12.05"]
[Round "4"]
[White "Moss, David PG"]
[Black "Stagno, Matteo"]
[Result "1/2-1/2"]
[WhiteElo "1371"]
[BlackElo "1598"]
[PlyCount "110"]
[EventDate "2019.12.02"]
[EventType "swiss"]
[EventRounds "5"]
[EventCountry "ENG"]
[SourceTitle "CBM 195 Extra"]
[Source "ChessBase"]
[SourceDate "2020.05.31"]
[SourceVersion "1"]
[SourceVersionDate "2020.05.31"]
[SourceQuality "1"]

1. e4 c5 2. Nc3 Nc6 3. Nf3 g6 4. h3 Bg7 5. a3 e6 6. Bc4 Nge7 7. Nb5 d5 8. exd5 exd5 9. Be2 d4 10. a4 a6 11. Na3 Bf5 12. Rb1 d3 13. cxd3 Bxd3 14. Bxd3 Qxd3 15. Qc2 Qxc2 16. Nxc2 Nf5 17. 0-0 0-0 18. b4 cxb4 19. Nxb4 Ncd4 20. Nxd4 Nxd4 21. Re1 Rfe8 22. Ba3 Rxe1+ 23. Rxe1 a5 24. Nd5 Nc2 25. Nb6 Nxe1 26. Nxa8 Bd4 27. Kf1 Nd3 28. f3 Nb2 29. Bxb2 Bxb2 30. Nb6 Ba3 31. Ke2 Kf8 32. Kd3 Bb4 33. Nd5 Bc5 34. Kc4 Bf2 35. Kb5 Ke8 36. Kxa5 Kd7 37. Nf6+ Kc6 38. Kb4 Be1 39. Kc3 Kb6 40. Ne4 f5 41. Nf6 h5 42. Nd5+ Ka5 43. Nf4 Bg3 44. Nxg6 Kxa4 45. d4 b5 46. d5 Ka3 47. f4 b4+ 48. Kc4 Bf2 49. Ne5 Be3 50. Nd3 b3 51. d6 Bxf4 52. d7 Bc7 53. Kc3 Bd8 54. Kd2 Bg5+ 55. Kc3 Bd8 1/2-1/2

[Event "London Classic op U1750 11th"]
[Site "London"]
[Date "2019.12.04"]
[Round "3"]
[White "Stagno, Matteo"]
[Black "Kapur, Gul"]
[Result "1-0"]
[WhiteElo "1598"]
[BlackElo "1460"]
[PlyCount "55"]
[EventDate "2019.12.02"]
[EventType "swiss"]
[EventRounds "5"]
[EventCountry "ENG"]
[SourceTitle "CBM 195 Extra"]
[Source "ChessBase"]
[SourceDate "2020.05.31"]
[SourceVersion "1"]
[SourceVersionDate "2020.05.31"]
[SourceQuality "1"]

1. e4 c6 2. d4 d5 3. exd5 cxd5 4. c4 Nf6 5. Nc3 Bf5 6. Nf3 e6 7. Be2 Nc6 8. 0-0 Be7 9. Bf4 dxc4 10. Bxc4 a6 11. a3 b5 12. Ba2 b4 13. axb4 Nxb4 14. Bc4 0-0 15. h3 h6 16. Rc1 g5 17. Be3 Kg7 18. Ne5 Nbd5 19. Nxd5 Nxd5 20. Nc6 Nxe3 21. fxe3 Qd6 22. Nxe7 Qxe7 23. Ra1 Qb4 24. b3 a5 25. Ra4 Be4 26. Rxb4 axb4 27. d5 Ra2 28. Qd4+ 1-0

[Event "London Classic op U1750 11th"]
[Site "London"]
[Date "2019.12.02"]
[Round "1"]
[White "Stagno, Matteo"]
[Black "Dias, Ruwan"]
[Result "1-0"]
[WhiteElo "1598"]
[BlackElo "1321"]
[PlyCount "59"]
[EventDate "2019.12.02"]
[EventType "swiss"]
[EventRounds "5"]
[EventCountry "ENG"]
[SourceTitle "CBM 195 Extra"]
[Source "ChessBase"]
[SourceDate "2020.05.31"]
[SourceVersion "1"]
[SourceVersionDate "2020.05.31"]
[SourceQuality "1"]

1. e4 e6 2. d4 d5 3. Nc3 Bb4 4. e5 c5 5. a3 Bxc3+ 6. bxc3 Ne7 7. Qg4 Qc7 8. Qxg7 Rg8 9. Qxh7 cxd4 10. Ne2 Nbc6 11. Qd3 dxc3 12. Qxc3 Qxe5 13. Qxe5 Nxe5 14. Nd4 a6 15. Bf4 N5g6 16. Bd6 e5 17. Nb3 Bf5 18. Nc5 b5 19. Nxa6 Rc8 20. Bxb5+ Kd8 21. Bc5 Nc6 22. Nb4 Nxb4 23. axb4 Nf4 24. g3 Ng2+ 25. Ke2 e4 26. h3 d4 27. Ra7 d3+ 28. cxd3 exd3+ 29. Kd2 Rxc5 30. bxc5 1-0

[Event "EU-ch U14"]
[Site "Bratislava"]
[Date "2019.08.02"]
[Round "1"]
[White "Laptii, Nazar"]
[Black "Stagno, Matteo"]
[Result "1-0"]
[WhiteElo "2122"]
[BlackElo "1770"]
[PlyCount "118"]
[EventDate "2019.08.02"]
[EventType "swiss"]
[EventRounds "9"]
[EventCountry "SVK"]
[SourceTitle "EXT 2020"]
[Source "ChessBase"]
[SourceDate "2019.10.17"]
[SourceVersion "1"]
[SourceVersionDate "2019.10.17"]
[SourceQuality "1"]

1. e4 c5 2. Nf3 Nc6 3. d3 g6 4. g3 Bg7 5. Bg2 Nf6 6. 0-0 0-0 7. Nbd2 e6 8. c3 d5 9. Re1 b6 10. h3 dxe4 11. dxe4 Bb7 12. Qe2 e5 13. Nc4 Qc7 14. a4 Ba6 15. Nfd2 Na5 16. Bf1 Qe7 17. Qf3 Nxc4 18. Bxc4 Bxc4 19. Nxc4 Qe6 20. b3 Qxh3 21. Nxe5 Qh5 22. Bf4 Qxf3 23. Nxf3 Rad8 24. e5 Ng4 25. Re4 Rd3 26. Ne1 Rxc3 27. Bd2 Rxb3 28. Rxg4 Bxe5 29. Ra2 Bd4 30. Kg2 Rb2 31. Rxb2 Bxb2 32. Re4 f5 33. Rc4 Re8 34. Rc2 Ba3 35. Nd3 a5 36. Nb2 Bxb2 37. Rxb2 Re6 38. Be3 Kf7 39. Rd2 Re7 40. Bg5 Rb7 41. Rd6 Rb8 42. Bd8 b5 43. axb5 Rxb5 44. Ra6 c4 45. Bxa5 g5 46. Bd2 g4 47. Rc6 Rd5 48. Be3 c3 49. Rxc3 Rd6 50. Kf1 h5 51. Ke2 Kg6 52. Rd3 Rxd3 53. Kxd3 h4 54. gxh4 Kh5 55. Bg5 f4 56. Bxf4 Kxh4 57. Ke4 Kh5 58. Kf5 Kh4 59. Bg3+ Kh5 1-0

[Event "EU-ch U12 27th"]
[Site "Mamaia"]
[Date "2017.09.09"]
[Round "5"]
[White "Menlibai, Deniz Edvin"]
[Black "Stagno, Matteo"]
[Result "1-0"]
[WhiteElo "1575"]
[BlackElo "1480"]
[PlyCount "93"]
[EventDate "2017.09.05"]
[EventType "swiss"]
[EventRounds "9"]
[EventCountry "ROU"]
[SourceTitle "CBM 180 Extra"]
[Source "ChessBase"]
[SourceDate "2017.10.06"]
[SourceVersion "1"]
[SourceVersionDate "2017.10.06"]
[SourceQuality "1"]

1. e4 c5 2. c4 Nc6 3. Nc3 g6 4. g3 Bg7 5. Bg2 Nf6 6. Nge2 0-0 7. 0-0 d6 8. d3 Be6 9. f4 Qd7 10. Be3 Ng4 11. Bd2 Nd4 12. h3 Nxe2+ 13. Nxe2 Nh6 14. g4 f6 15. f5 Bf7 16. Qc1 g5 17. Bf3 Be8 18. h4 Nf7 19. hxg5 fxg5 20. Bxg5 Ne5 21. Qe3 Nxf3+ 22. Qxf3 Bxb2 23. Rab1 Bg7 24. Rf2 h6 25. Be3 e6 26. Qh3 Rf6 27. Nf4 Bf7 28. Rbf1 e5 29. Nh5 Bxh5 30. gxh5 b5 31. Rg2 Kh7 32. Rg6 Raf8 33. Rf2 b4 34. Rfg2 R8f7 35. Qh4 Qe7 36. Kh2 Kh8 37. Qg4 a5 38. Bf2 Rxg6 39. hxg6 Rf8 40. Qh5 Rb8 41. Be3 Qf8 42. f6 Qxf6 43. Bxh6 Kg8 44. Bg5 Qe6 45. Qh7+ Kf8 46. Rf2+ Ke8 47. Qxg7 1-0